000 00666nam a2200229Ia 4500
005 20240321133219.0
008 131103s9999 xx 000 0 und d
020 _a9812403833
040 _aLoreto College
041 _aEnglish
082 _a150.287
_bKAP
100 _aKaplan, Robert M.
245 _aPsychological Testing
_cRobert M. Kaplan and Dennis P. Saccuzzo
250 _a5th ed.
_b principles, application and issues
260 _aAustralia
_bWadsworth
_c2000c
300 _axxiii,708p
504 _aIncludes bibliographical references and index
650 _aPsychology
700 _aSaccuzzo, Dennis P.
850 _aLCBED
942 _cBK
999 _c27587
_d78066